| 000 | 01573nam2a22003011 4500 | ||
|---|---|---|---|
| 001 | v19\rc\1857044 | ||
| 005 | 20250620092735.0 | ||
| 035 | _a(NLR Aleph) 005262002 | ||
| 090 |
_a5911371 _c5911371 |
||
| 100 | _a20080221d1909 |||y0rusy50 ca | ||
| 101 | 0 | _arus | |
| 102 | _aRU | ||
| 105 | _ay z ||||| | ||
| 200 | 1 |
_aЗаседание 59 _e23 февраля 1909 г. _eзакрытое _aЗаседание 99 _e22 апреля 1909 г. _eзакрытое _aЗаседание 124 _e31 мая 1909 г. _eзакрытое |
|
| 210 |
_d1909 _aБ. м. |
||
| 215 |
_a2305-2346, 2765-2846, 2965-2982 стб. _d27 |
||
| 309 | _aБез тит. л. и обл. | ||
| 461 | 0 |
_1001v19\rc\2055942 _12001#$aСтенографические отчеты$fГос. дума, третий созыв, сессия вторая$vЧ. 2, 3, 4 _96014971 _aРоссия (3). Государственная дума (2) _cС.-Петербург _d1908 _fГос. дума, третий созыв, сессия вторая _nГосударственная типография _tСтенографические отчеты _vЧ. 2, 3, 4 |
|
| 601 | 0 | 1 |
_aРоссия _bГосударственная дума _bСозыв _c3 _jСтенографические отчеты _xЗаседания _92539463 _3RU\NLR\AUTH\661503545 |
| 686 | 0 | _aТ3(2)523-532.2 | |
| 686 | _aХ809(2)62 | ||
| 801 | 2 |
_aRU _bNLR _c20080925 _2rusmarc |
|
| 801 | 0 |
_aRU _bNLR _c20080221 _gpsbo |
|
| 801 | 1 |
_aRU _bProSoft-M _c20080221 _2rusmarc |
|
| 852 |
_aNLR _j30/4(5) |
||
| 852 |
_aNLR _bМф _jК1/28256(ч. 2-4) |
||
| 942 | _cBOOK | ||
| 980 | _aNB | ||